000 00684nam a2200253 i 4500
001 C2-0224818
003 PPAK
005 20180728153218.0
008 000516s1979 nyu |||| ||||| | eng d
020 _a0856670561
040 _aPPAK
_beng
_cPPAK
_erda
082 0 4 _a745.443
_223
090 0 0 _a745.443
_bHAC
_dR
100 1 _aHackenbroch, Yvonne,
_eauthor
245 1 0 _aRenaissance Jewellery
264 1 _aNew York :
_bPhilip Wilson Publishers ,
_c1979
300 _a413 pages
336 _2rdacontent
_atext
337 _2rdamedia
_aunmediated
338 _2rdacarrier
_avolume
500 _aincludes index and bibliography
650 1 0 _aJewellery making
942 _ddc
_cB
999 _c145633
_d145633